000 00759nam a2200241Ia 4500
003 OSt
005 20220923220712.0
006 a|||||r|||| 00| 0
007 ta
008 220922b |||||||| |||| 00| 0 hin d
024 _a189,362
037 _cTextual
040 _aARTS
_cARTS
_bhin
041 _2hin
_ahin
082 _aO152,2N25,25, M1-;2
100 _aलाल, लक्ष्मी नारायण
245 0 _aपक्ष प्रशन
246 _aPakṣha prashana
260 _aदिल्ली
_b राजपाल एण्ड एन्ज
_c1981
300 _a87पृ.
_ccm.
942 _hO152,2N25,25, M1-;2
_cTEXL
_2CC
999 _c342205
_d342205